000 00608nam a2200205Ii 4500
003 JO-AjNU
008 230606s9999||||xx |||||||||||||| ||und||
017 _a806/6/1997
040 _aJO-AjNU
_beng
_erda
_cJO-AjNU
041 _aeng
050 1 4 _aPJ7860.A96.A4413 1997
100 3 _aRazzaz , Munis , Translated Eliane Abdel-Malek ,
_eauthor
_95529
245 0 0 _aAlive in the dead sea
264 3 1 _aAmman :Ministry of Culture , 1997
300 _a296p
336 _atext
_btxt
_2rdacontent
337 _aunmediated
_bn
_2rdamedia
338 _avolume
_bnc
_2rdacarrier
650 4 _aLiterature -Novel
_95530
999 _aE2860
_c2858
_d2858